MDQL
is popping MORE tags! Check the
thread
!
Quizzes
Events
Quiz Creation
Community
Videos
Private Events
Remove Ads
Sign In
Join for FREE
Feedback
Dark Mode
Quiz Categories
Sports
Geography
Music
Movies
Television
Just For Fun
Miscellaneous
History
Literature
Language
Science
Gaming
Entertainment
Religion
Holiday
For Kids
Quiz Lab
Recent
Popular Today
Quiz Kudos Today
Editor Picks
Curator Picks
Quizzes by...
Day
Popularity
Type
Ratings
Length
Year
Community
Subscriptions
Recent Discussions
Orange Saloon
Badges
Playlists
Quests
Create
Leaderboards
Showdown
Live 5
Trivia Bingo
Activity
Puzzle Library
Sporcle Events
Private Events
Virtual Trivia
Globe League
Become a Host
Pub Owners
SporcleCon
Opinionation
Our Games
Videos
Blog
Mobile Apps
Partnerships
Remove Ads and Go Orange
Feedback
Music
Pop Music
The Beatles
Song
Album
Lyrics
Bands
Singers
Artist
Clip
Rock
Rap
Classical
Billboard
Country Music
Kpop
Taylor Swift
Music
Pop Music
The Beatles
Song
Album
Lyrics
Bands
Singers
Artist
Clip
Rock
Rap
Classical
Billboard
Country Music
Kpop
Taylor Swift
Random Quiz
Search Sporcle
×
Quiz Lab
Quiz Lab
Music
Rock
Type in answers that appear in a list
Type in answers that appear in a list
Classic
Best Score? Go Orange.
Hun er fri lyrics Stats
Can you name the lyrics to Raga Rockers' 'Hun er fri'? (Norwegian)
By
devzrulz
5m
167 Questions
10 Plays
10 Plays
10 Plays
Comments
Comments
Give Quiz Kudos
Give Quiz Kudos
-
- Ratings
hide this ad
Replay
Link that replays current quiz
Next Quiz
Link to next quiz in quiz playlist
You Got
0%
They Got
Avg Score
75%
Avg Friend Score
Upgrade to see
Score Distribution
Jump to the score distribution portion of the page
Score
0/167
Timer
05:00
0
Plays Today
% Correct
Hun
100%
er
100%
hun
100%
hun
100%
hun
100%
er
100%
hun
100%
'a
100%
er
100%
er
100%
hun
100%
er
100%
er
100%
er
100%
er
100%
en
90%
har
90%
og
90%
hjerte
90%
som
90%
for
90%
ting
90%
som
90%
tror
90%
på,
90%
har
90%
ikke
90%
sko
90%
på,
90%
hva
90%
det
90%
du
90%
glor
90%
på
90%
din
90%
interessert
90%
og
90%
i
90%
en
90%
som
90%
du
90%
for
90%
For
90%
det
90%
som
90%
en
90%
som
90%
som
90%
på
90%
ting
90%
de
90%
på
90%
som
90%
det
90%
for
90%
På
90%
% Correct
en
90%
de
90%
det
90%
som
90%
Det
90%
ting
90%
som
90%
på
90%
i
90%
båt
80%
uten
80%
anker,
80%
hue
80%
fullt
80%
av
80%
tanker
80%
et
80%
banker
80%
straite
80%
dust,
80%
ække
80%
med
80%
så
80%
kommer
80%
ingen
80%
vei
80%
med
80%
å
80%
leke
80%
helt
80%
å
80%
gjennomført
80%
slik
80%
han
80%
vei
80%
Han
80%
snakke
80%
hele
80%
natta
80%
blir
80%
betatt
80%
av.
80%
Så
80%
helt
80%
et
80%
med
80%
full
80%
av
80%
vil
80%
få
80%
penger
70%
eller
70%
gull
70%
grønne
70%
eller
70%
myke
70%
% Correct
senger
70%
pappagutt
70%
deg,
70%
henne.
70%
til
70%
tenne
70%
frik,
70%
bort
70%
hit.
70%
kan
70%
om
70%
elsker
70%
til
70%
til
70%
enger
60%
får
60%
matta
60%
ville
60%
dyr,
60%
tyske,
60%
danske,
60%
norske,
60%
tull
50%
dagen
50%
gryr,
50%
herlig
50%
eventyr
50%
vakre
50%
unge
50%
menn'sker,
50%
svenske,
50%
aldri
50%
ser
50%
igjen.
50%
når
50%
venn
50%
fra
40%
gode,
40%
trygge
40%
hjem,
40%
lomma
40%
spenn.
40%
jakt
40%
etter
40%
Ja,
40%
slike
40%
minnene
40%
gli
40%
sommeren
40%
forbi
40%
kanskje
30%
romantikk
30%
grenser
30%
opp
30%
poesi.
30%
Quiz Playlist
Details
Report
Send in Message
Add To Playlist
Classic:
Type in answers that appear in a list
Last Updated: Feb 25, 2020
Quiz Scoreboard
CHALLENGE
Sign Up to Join the Scoreboard
Show All
Scores
Hide
Comments
May contain spoilers
Recently Published
1-10 Letter E Words III
by El_Dandy
Language
2m
Street Fighter Characters
by Artimus82
Gaming
60s
College Basketball Coaching Resumes
by pancakes188
Sports
9m
More to Explore
Quiz From the Vault
Featured Blog Post
Where Did the Easter Bunny Come From?
hide this ad
You Might Also Like...
Tags
Lyrics Quiz
Rock Quiz
Figure Out the Lyrics
Norwegian
Rock Lyrics
Today's Top Quizzes in Music
Browse Music
hide this ad
Today's Top Quizzes in Rock
Browse Rock
Top Contributed Quizzes in Music
1
Taylor Swift All Songs (2024)
2
Taylor Swift Logic Puzzle
3
Guess the Artist- 70s Songs
4
7-to-1: Billboard Hot 100 #1 Hits of 2010s
5
Sorting Albums and Songs
6
Billboard Blitz: Aretha Franklin
7
KPOP LOGIC QUIZ
8
Guess the Taylor Swift song (Mystery Song)
9
Guess The Taylor Swift Lyrics Song #1
10
Billboard Blitz: ABBA
Explore More
Trending Topics
Disney
Crossword
Marvel
NBA
Kpop
Harry Potter
Anime
WWE
Puzzle
Country
Soccer
The Office
NFL
Pokémon
Song
hide this ad
More By:
devzrulz
Quiz
Plays
Rating
Category
Featured
Created
Opening Lyrics (Christmas edition)
693
2.40
Music
Dec 9, 2009
FIFA World Cup Summary
244
4.67
Sports
Oct 15, 2014
Tippeligaen top scorers (club) 2009
191
5.00
Sports
Nov 27, 2009
Most popular norwegian boy names 2008
185
Miscellaneous
Jan 14, 2010
Same name municipalities
96
5.00
Geography
Dec 9, 2009
Go to Creator's Profile
Score Distribution
Quiz Creator Spotlight
devzrulz
Follow
Send a Message
Quizzes Created
-
Created Quiz Play Count
-
More By This Creator
Popular Quizzes Today
1
Find the US States - No Outlines Minefield
2
Find the Countries of Europe - No Outlines Minefield
3
The Countries of the World
4
Find the US States
5
Risky Map Clicking: Biggest States A-Z
6
US States
7
Popular People in 1961
8
Movies - When Are They Set?
More Music Quizzes
Jazz Musicians 7-to-1
Curator's Pick
Trending Quizzes
Risky Map Clicking: Least Populous States A-Z
Billboard Blitz: Aretha Franklin
Famous Russians: Author or Composer?
1-10 Letter G Words
Countries of the World: 200 Million BC
Recently Updated
Leaping Animals
pecheneg
Reality TV Shows (A-Z)
bhenderson79
Rickey Henderson's Hall of Fame Teammates
pecheneg
Champions League XIs: Arsenal
pecheneg
Quick Pick: Celebrities in WWE's Hall of Fame
aduchscher
A-Z Keypad Blitz II
pecheneg
Multiple Oscar Actors
pecheneg
Mystery Phrase Blitz: Oscar 'Best Actors'
pecheneg
F. Scott Fitzgerald Novels
LTH
Pick 3 Villains
ddd62291
Trending Topics
Kpop
Anime
Crossword
Disney
Marvel
Harry Potter
NBA
Puzzle
The Office
NFL
Country
Pokémon
WWE
Soccer
Song
Your Account Isn't Verified!
In order to create a playlist on Sporcle, you need to verify the email address you used during registration. Go to your
Sporcle Settings
to finish the process.
Report this User
Report this user for behavior that violates our
Community Guidelines
.
Details:
Send Report
Go to the Sporcle.com Mobile Site →
Comments